000 01057nam a2200313 i 4500
001 bg
100 1 _aMisiak, Jan
_d(1942- ).
245 1 0 _aMechanika ogólna.
_nT. 1,
_pStatyka i kinematyka /
_cJan Misiak.
250 _aWyd. 7 zm.
260 _aWarszawa :
_bWydawnictwa Naukowo-Techniczne,
_c1998.
300 _a345, [3] s. :
_brys., wykr. ;
_c24 cm.
490 1 _aPodręczniki Akademickie. Mechanika
504 _aBibliogr.
521 _aDla studentów wydz. mechanicznych, inżynierii materiałowej, zarządzania, inżynierii środowiska, transportu i budowlanych wyższych szkół technicznych.
650 9 _aKinematyka
650 9 _aStatyka
655 _aPodręczniki akademickie
830 0 _aPodręczniki Akademickie.
_pMechanika
015 _aPB 16807/98
020 _a832042254X (t. 1)
020 _a8320422531 (całość)
040 _cBPK
041 0 _apol
080 _a531.1/.2(075.8)
920 _a83-204-2254-X (t. 1)
920 _a83-204-2253-1 (całość)
942 _cKS
008 s pl f |000 0 pol
999 _c51924
_d51924
856 _uhttp://koha.tu.koszalin.pl/cgi-bin/koha/opac-detail.pl?biblionumber=51924
_yKatalog online BPK